| 000 | 00556nam a2200205Ia 4500 | ||
|---|---|---|---|
| 005 | 20250923144808.0 | ||
| 008 | 008 250917s9999 xx 000 0 eng d | ||
| 037 | _aTextual | ||
| 040 |
_aDSWL _beng _cDSWL |
||
| 041 |
_aeng _2eng |
||
| 084 |
_aSu58,N5, K1 _qDSWL |
||
| 100 |
_aWinn, Ralph B. _9828500 |
||
| 245 | 0 |
_aSoviet psychology, A symposium _cby Ralph B.Winn |
|
| 260 |
_aVision _bVision _c1962 |
||
| 300 | _a109p. | ||
| 365 |
_aINR _b21 |
||
| 925 | _g21 | ||
| 942 |
_cTEXL _hSu58,N5, K1 |
||
| 999 |
_c1443434 _d1443434 |
||